[Event "4NCL Online Division 2"]
[Site "online"]
[Date "2020.11.17"]
[Round "7.143"]
[White "Lovatt, Peter G"]
[Black "Moyse, Nigel John"]
[Result "1/2-1/2"]
[WhiteElo "1877"]
[BlackElo "2036"]
[PlyCount "121"]
[EventDate "2020.11.17"]
[WhiteTeam "Malpas & Oswestry"]
[BlackTeam "Schach Attack"]

1. e4 d6 2. d4 Nf6 3. Bd3 e5 4. Ne2 Nc6 5. c3 Be7 6. O-O O-O 7. Nd2 d5 8. exd5
Nxd5 9. Nf3 exd4 10. Nfxd4 Ne5 11. Bc2 Re8 12. Nf4 Nf6 13. Nf5 Bc5 14. Qxd8
Rxd8 15. b4 Bf8 16. Ne3 c6 17. a4 Neg4 18. h3 Ne5 19. Re1 g5 20. Ne2 h6 21. Nd4
Bg7 22. Nef5 Bxf5 23. Nxf5 Nc4 24. Nxg7 Kxg7 25. Bb3 b5 26. axb5 cxb5 27. Be3
Re8 28. Bd4 Rxe1+ 29. Rxe1 a5 30. bxa5 Rxa5 31. Re7 Ra3 32. Bxc4 bxc4 33. Rc7
Ra6 34. Rxc4 Kg6 35. Rc8 Nd5 36. Rg8+ Kf5 37. Rb8 Nf4 38. Kh2 Ke4 39. Rf8 Ne6
40. Rxf7 Nxd4 41. cxd4 Kxd4 42. Re7 Rf6 43. f3 Kd5 44. Kg3 Rg6 45. Re4 Rg7 46.
Kg4 Rg6 47. Kh5 Rf6 48. h4 gxh4 49. Kxh4 Rg6 50. g4 Rf6 51. Kg3 Rg6 52. Re8 Ra6
53. Kh4 Rf6 54. Kh5 Kd6 55. g5 hxg5 56. Kxg5 Rxf3 57. Re1 Rf2 58. Kg6 Rf3 59.
Kg5 Rf2 60. Kg6 Rf3 61. Kg5 1/2-1/2

[Event "4NCL Online Division 2"]
[Site "online"]
[Date "2020.11.17"]
[Round "7.144"]
[White "Handley, Michael R"]
[Black "Cox, Leon"]
[Result "1-0"]
[WhiteElo "2080"]
[BlackElo "1757"]
[PlyCount "69"]
[EventDate "2020.11.17"]
[WhiteTeam "Schach Attack"]
[BlackTeam "Malpas & Oswestry"]

1. d4 d5 2. c4 c6 3. Nf3 Nf6 4. e3 g6 5. Nc3 Bg7 6. Be2 O-O 7. O-O Bf5 8. cxd5
cxd5 9. Qb3 b6 10. Bd2 Nc6 11. Rfc1 Na5 12. Qd1 Ne4 13. Be1 Nxc3 14. Bxc3 Nc4
15. b3 Nd6 16. Bb4 a5 17. Ba3 Rc8 18. Ne5 Rxc1 19. Rxc1 h5 20. Rc6 Ne4 21. Qc1
Bxe5 22. dxe5 Bd7 23. Rc2 Re8 24. f3 Ng5 25. e4 e6 26. Bd6 dxe4 27. f4 Nh7 28.
Qe3 f5 29. exf6 Nxf6 30. Be5 Rf8 31. Rd2 Rf7 32. Qd4 Nd5 33. Qxe4 Qe8 34. Qxg6+
Kf8 35. Rxd5 1-0

[Event "4NCL Online Division 2"]
[Site "online"]
[Date "2020.11.17"]
[Round "7.151"]
[White "Butland, Nick J"]
[Black "John, Joshua"]
[Result "1/2-1/2"]
[WhiteElo "1952"]
[BlackElo "2027"]
[PlyCount "103"]
[EventDate "2020.11.17"]
[WhiteTeam "Plymouth 1"]
[BlackTeam "CSC 3"]

1. d4 Nf6 2. Nf3 d5 3. Bf4 c5 4. e3 Nc6 5. h3 g6 6. c3 Qb6 7. Qb3 Bg7 8. Nbd2
O-O 9. Be2 Re8 10. O-O Bf5 11. Rfe1 h6 12. Bh2 g5 13. dxc5 Qxc5 14. Nd4 Bd7 15.
N2f3 g4 16. hxg4 Nxg4 17. Bg3 e5 18. Nb5 Rac8 19. Rad1 Be6 20. Qa3 Qxa3 21.
Nxa3 a6 22. c4 Nb4 23. cxd5 Bxd5 24. b3 Be6 25. Nc4 Nxa2 26. Nd6 Bxb3 27. Rb1
Bd5 28. Nxe8 Rxe8 29. Nd2 Nf6 30. Bc4 b5 31. Bxa2 Bxa2 32. Ra1 Bd5 33. Rxa6 Ne4
34. Nxe4 Bxe4 35. Rd1 Rb8 36. f3 Bf5 37. Rdd6 Be6 38. Rdb6 Rxb6 39. Rxb6 Bc4
40. Be1 Bf8 41. Kf2 Kg7 42. Bc3 f6 43. f4 exf4 44. Rxf6 Kg8 45. Rxf4 Bf7 46.
Bb4 Bg7 47. Rg4 Be6 48. Rg3 Kf7 49. e4 Bf6 50. Bc3 Bh4 51. Kf3 Bxg3 52. Kxg3
1/2-1/2

[Event "4NCL Online Division 2"]
[Site "online"]
[Date "2020.11.17"]
[Round "7.152"]
[White "Lawson, Maurice E"]
[Black "Pollock, Richard M"]
[Result "0-1"]
[WhiteElo "1983"]
[BlackElo "1870"]
[PlyCount "96"]
[EventDate "2020.11.17"]
[WhiteTeam "CSC 3"]
[BlackTeam "Plymouth 1"]

1. e4 g6 2. d4 d6 3. Nc3 c6 4. Be3 Bg7 5. Qd2 b5 6. f3 Nd7 7. O-O-O Nb6 8. g4
h5 9. g5 a5 10. d5 b4 11. Nb1 c5 12. c3 Ba6 13. Bxa6 Rxa6 14. Qe2 Qa8 15. f4
Na4 16. Qb5+ Kf8 17. Qxa4 e6 18. c4 exd5 19. exd5 Ne7 20. Nf3 Nf5 21. Rhe1 Kg8
22. Bf2 Kh7 23. Qc2 a4 24. Qd3 Ra7 25. Nh4 Nxh4 26. Bxh4 Qc8 27. Bf2 Qg4 28.
Qd2 a3 29. b3 Bb2+ 30. Kc2 Qf5+ 31. Qd3 Qxf4 32. Be3 Qxh2+ 33. Re2 Qh4 34. Rde1
Re8 35. Bd2 Rxe2 36. Qxe2 Be5 37. Qe4 Qf2 38. Qe3 Qf5+ 39. Qe4 Qf2 40. Re2 Qg1
41. Be3 Qf1 42. Bc1 Re7 43. Nd2 Qg1 44. Nf3 Qf1 45. Qd3 Bb2 46. Bxb2 Rxe2+ 47.
Nd2 axb2 48. Kxb2 Qd1 0-1

[Event "4NCL Online Division 2"]
[Site "online"]
[Date "2020.11.17"]
[Round "7.153"]
[White "Quinn, Martin"]
[Black "Lees, Fraser A"]
[Result "1/2-1/2"]
[WhiteElo "1787"]
[BlackElo "1876"]
[PlyCount "146"]
[EventDate "2020.11.17"]
[WhiteTeam "Plymouth 1"]
[BlackTeam "CSC 3"]

1. e4 c5 2. Nf3 Nc6 3. c4 d6 4. d4 cxd4 5. Nxd4 Nf6 6. Nc3 e5 7. Ndb5 a6 8. Na3
h6 9. Nc2 Be7 10. Be2 O-O 11. O-O Be6 12. Kh1 Rc8 13. b3 Nh7 14. Nd5 f5 15.
exf5 Bxf5 16. Bg4 Bg5 17. Bxf5 Rxf5 18. Nce3 Rf7 19. Bb2 Qf8 20. f3 Kh8 21. Qd3
Ne7 22. Rad1 Rd8 23. Ba3 Nc6 24. Bb2 Nf6 25. Bc3 Nxd5 26. Nxd5 Bf4 27. Rfe1 Rf5
28. Re4 Bg5 29. Ne3 Rf7 30. Nd5 h5 31. Rf1 Ne7 32. Ba5 Nxd5 33. Qxd5 Rdd7 34.
Bd2 Bxd2 35. Qxd2 Qd8 36. Rd1 Qf6 37. Qf2 g5 38. Kg1 Kg7 39. Re3 Qe6 40. Qg3
Qf5 41. h3 h4 42. Qf2 Qe6 43. Re4 d5 44. cxd5 Rxd5 45. Rxd5 Qxd5 46. Qe2 Kf6
47. Kh2 Rd7 48. Qb2 Ke6 49. Qc1 Qd2 50. Qc4+ Qd5 51. Qa4 Ke7 52. Qb4+ Kf7 53.
a4 b5 54. Rg4 Kg6 55. Qf8 Qd6 56. Qe8+ Rf7 57. Re4 bxa4 58. bxa4 Kg7 59. Qxe5+
Qxe5+ 60. Rxe5 Kf6 61. Ra5 Ra7 62. g3 Kg6 63. gxh4 gxh4 64. Kg2 Kf6 65. f4 Rg7+
66. Kh2 Rb7 67. Rxa6+ Kf5 68. Rh6 Rb2+ 69. Kg1 Ra2 70. Rxh4 Rxa4 71. Rh5+ Kg6
72. Rg5+ Kf6 73. Rg8 Rxf4 1/2-1/2

[Event "4NCL Online Division 2"]
[Site "online"]
[Date "2020.11.17"]
[Round "7.154"]
[White "Towers, Nigel S"]
[Black "Wilby, Robert G"]
[Result "1-0"]
[WhiteElo "1858"]
[BlackElo "1675"]
[PlyCount "153"]
[EventDate "2020.11.17"]
[WhiteTeam "CSC 3"]
[BlackTeam "Plymouth 1"]

1. e4 e5 2. Bc4 c6 3. Nc3 d6 4. d3 Nf6 5. Nf3 h6 6. h3 Be7 7. O-O Nbd7 8. Qe2
g5 9. d4 Qc7 10. d5 Nf8 11. Nh2 Ng6 12. Bb3 Nf4 13. Bxf4 gxf4 14. Nf3 Rg8 15.
Kh2 Nh7 16. Rg1 Bd7 17. dxc6 bxc6 18. Rad1 Nf8 19. Qc4 Be6 20. Qe2 Bxb3 21.
axb3 Ne6 22. Qc4 Qb6 23. Na4 Qb7 24. Qd3 Rd8 25. Qe2 Rg6 26. Nc3 Ng7 27. Ra1
Qb6 28. Rgf1 Ra8 29. Qa6 Qc7 30. Qc4 Qd7 31. Ra6 Rc8 32. Qa4 Rc7 33. Ra1 Ne6
34. Rxa7 Bd8 35. Rxc7 Nxc7 36. Rd1 Re6 37. b4 d5 38. exd5 cxd5 39. Qxd7+ Kxd7
40. Nxd5 Kc8 41. Nb6+ Rxb6 42. Nxe5 f6 43. Nd3 Ne6 44. Re1 Bc7 45. f3 Ng7 46.
Re4 Re6 47. Nc5 Rxe4 48. Nxe4 Be5 49. b3 Nf5 50. Nc5 Kc7 51. c4 Nd4 52. b5 Kb6
53. b4 Nc2 54. Nd3 Bc3 55. Nxf4 Be5 56. g3 Bxf4 57. gxf4 Nxb4 58. Kg3 f5 59.
Kh4 Nd3 60. Kh5 Nxf4+ 61. Kxh6 Nxh3 62. Kg6 Ng1 63. f4 Ne2 64. Kxf5 Kc5 65. Ke5
Nd4 66. f5 Kxc4 67. f6 Kc5 68. f7 Nf3+ 69. Kf6 Kxb5 70. f8=Q Nd4 71. Ke5 Nc6+
72. Ke4 Kb6 73. Kd5 Kb7 74. Kc5 Na5 75. Qe7+ Kc8 76. Qe6+ Kb8 77. Kb6 1-0

[Event "4NCL Online Division 2"]
[Site "online"]
[Date "2020.11.17"]
[Round "7.161"]
[White "Gilbert, Jonathan A"]
[Black "Walkusz, Miroslaw"]
[Result "0-1"]
[WhiteElo "1978"]
[BlackElo "1939"]
[PlyCount "60"]
[EventDate "2020.11.17"]
[WhiteTeam "The Full Ponty"]
[BlackTeam "Harrow 2"]

1. e4 c5 2. Nf3 d6 3. d4 cxd4 4. Nxd4 Nf6 5. Nc3 a6 6. Bc4 e6 7. Bb3 b5 8. Bg5
Be7 9. Qf3 Qc7 10. a3 Nbd7 11. O-O O-O 12. Rfe1 Nc5 13. Ba2 Bb7 14. Bxf6 Bxf6
15. Rad1 Rfe8 16. Qh5 g6 17. Qh3 Bg7 18. b4 Nd7 19. Ndxb5 axb5 20. Nxb5 Qxc2
21. Bb3 Qc6 22. Nxd6 Rf8 23. b5 Qb6 24. Bxe6 fxe6 25. Qxe6+ Kh8 26. Qxd7 Qxf2+
27. Kh1 Bc8 28. Qe7 Bc3 29. Ne8 Rf7 30. Qd8 Bxe1 0-1

[Event "4NCL Online Division 2"]
[Site "online"]
[Date "2020.11.17"]
[Round "7.162"]
[White "Dhemrait, Jagdeep"]
[Black "Fletcher, John"]
[Result "1-0"]
[WhiteElo "1810"]
[BlackElo "1994"]
[PlyCount "63"]
[EventDate "2020.11.17"]
[WhiteTeam "Harrow 2"]
[BlackTeam "The Full Ponty"]

1. e4 c5 2. Nc3 Nc6 3. f4 d6 4. Nf3 g6 5. Bb5 Bd7 6. Bxc6 Bxc6 7. O-O Bg7 8. d3
Nf6 9. Qe1 Qb6 10. Kh1 O-O 11. Qh4 c4 12. f5 e6 13. Bg5 Nh5 14. f6 Bh8 15. Rab1
cxd3 16. cxd3 h6 17. Bxh6 Bxf6 18. Bg5 Bd4 19. g4 Ng7 20. Nxd4 Qxd4 21. Bf6
Qxd3 22. Qh6 Bxe4+ 23. Nxe4 Qxe4+ 24. Kg1 Qxg4+ 25. Kf2 Qf5+ 26. Ke3 Qc5+ 27.
Bd4 Qxd4+ 28. Kxd4 Nf5+ 29. Rxf5 exf5 30. h4 Rfe8 31. Rg1 Re4+ 32. Kd3 1-0

[Event "4NCL Online Division 2"]
[Site "online"]
[Date "2020.11.17"]
[Round "7.163"]
[White "Adams, Mark"]
[Black "Dhemrait, Surjit S"]
[Result "1-0"]
[WhiteElo "1944"]
[BlackElo "1518"]
[PlyCount "63"]
[EventDate "2020.11.17"]
[WhiteTeam "The Full Ponty"]
[BlackTeam "Harrow 2"]

1. e4 e5 2. Nf3 Nc6 3. Bb5 d6 4. d4 exd4 5. Nxd4 Bd7 6. Nxc6 Bxc6 7. Bxc6+ bxc6
8. O-O Nf6 9. Nc3 Be7 10. b3 O-O 11. Bb2 Nd7 12. Ne2 Bf6 13. Bxf6 Qxf6 14. Re1
Rad8 15. Qd4 Qxd4 16. Nxd4 c5 17. Nb5 c6 18. Nxd6 Ne5 19. Nb7 Rd2 20. Rac1 c4
21. Na5 cxb3 22. axb3 Rfd8 23. f4 Ng4 24. h3 Nf6 25. Nxc6 R8d7 26. Ne5 Rc7 27.
Nc4 Rd4 28. e5 Nh5 29. f5 Ng3 30. f6 gxf6 31. exf6 Rf4 32. Re8# 1-0

[Event "4NCL Online Div 2 Playoff"]
[Site "online"]
[Date "2020.12.15"]
[Round "9.11"]
[White "Finn, Peter"]
[Black "Sedykh, Mikhail"]
[Result "0-1"]
[WhiteElo "2125"]
[BlackElo "2192"]
[PlyCount "120"]
[EventDate "2020.12.15"]
[WhiteTeam "CSC 1"]
[BlackTeam "Catford Cosmonauts 1"]

1. e4 e5 2. Bc4 Nf6 3. d3 c6 4. Nf3 d5 5. Bb3 Bb4+ 6. c3 Bd6 7. exd5 cxd5 8.
Bg5 Be6 9. O-O Nbd7 10. Re1 Qc7 11. Nbd2 O-O 12. Nf1 Rfe8 13. Bh4 a6 14. Bg3 b5
15. a3 h6 16. Ne3 Rad8 17. h3 Nc5 18. d4 Nxb3 19. Qxb3 e4 20. Bxd6 Rxd6 21. Ne5
Nh5 22. Kh2 f6 23. N5g4 Nf4 24. Kg1 Nd3 25. Rf1 f5 26. Nh2 f4 27. Neg4 Bf7 28.
Rad1 h5 29. Ne5 Nxe5 30. dxe5 Rxe5 31. f3 e3 32. Rd4 Rf6 33. a4 Qd7 34. axb5
axb5 35. Re1 g5 36. Ra1 Kg7 37. Qb4 Re8 38. h4 g4 39. Rxf4 g3 40. Rxf6 gxh2+
41. Kxh2 Kxf6 42. Qf4+ Kg7 43. Qg5+ Bg6 44. Ra6 Re6 45. Ra1 Qd6+ 46. g3 Re7 47.
Re1 Qe5 48. f4 Qxg5 49. hxg5 b4 50. Kg2 Be4+ 51. Kf1 Bd3+ 52. Kg2 e2 53. Kf3
bxc3 54. bxc3 Rc7 55. Ke3 Bc4 56. f5 Re7+ 57. Kf3 Re5 58. Kf4 Re4+ 59. Kf3 Kf7
60. Kf2 Re5 0-1

[Event "4NCL Online Div 2 Playoff"]
[Site "online"]
[Date "2020.12.15"]
[Round "9.12"]
[White "Orlovska, Madara"]
[Black "Frostick, Clive A"]
[Result "0-1"]
[WhiteElo "2125"]
[BlackElo "2108"]
[PlyCount "66"]
[EventDate "2020.12.15"]
[WhiteTeam "Catford Cosmonauts 1"]
[BlackTeam "CSC 1"]

1. d4 d5 2. Nc3 Nf6 3. Bf4 c5 4. e3 cxd4 5. exd4 a6 6. Bd3 Nc6 7. Nge2 Bg4 8.
f3 Bh5 9. g4 Bg6 10. h4 e6 11. h5 Bxd3 12. Qxd3 Rc8 13. O-O-O h6 14. Kb1 b5 15.
Nc1 Na5 16. g5 hxg5 17. Bxg5 Nc4 18. N3e2 Qa5 19. Nb3 Qa4 20. h6 b4 21. hxg7
Bxg7 22. Rxh8+ Bxh8 23. Rh1 Bg7 24. Bh6 Bxh6 25. Rxh6 Ke7 26. Ng3 Rg8 27. Nf5+
exf5 28. Qe2+ Kf8 29. Rxf6 Rg1+ 30. Nc1 Rxc1+ 31. Kxc1 Qxa2 32. c3 bxc3 33.
Rxa6 cxb2+ 0-1

[Event "4NCL Online Div 2 Playoff"]
[Site "online"]
[Date "2020.12.15"]
[Round "9.13"]
[White "Saidmurodov, Shahjahon"]
[Black "Robertson, Mark M"]
[Result "1-0"]
[WhiteElo "2147"]
[BlackElo "2087"]
[PlyCount "95"]
[EventDate "2020.12.15"]
[WhiteTeam "CSC 1"]
[BlackTeam "Catford Cosmonauts 1"]

1. e4 d6 2. d4 Nf6 3. Nc3 g6 4. Bc4 Bg7 5. Qe2 Nc6 6. e5 Nd7 7. Nf3 Nb6 8. Bb3
O-O 9. Bf4 Na5 10. O-O-O c6 11. Qe3 Nxb3+ 12. axb3 Bg4 13. Bh6 f6 14. Bxg7 Kxg7
15. exd6 exd6 16. h3 Re8 17. Qf4 Bxf3 18. gxf3 d5 19. Rdg1 Nd7 20. h4 Nf8 21.
Nd1 Ne6 22. Qd2 Qb6 23. Ne3 Kf7 24. h5 Rg8 25. hxg6+ hxg6 26. Rh7+ Rg7 27.
Rxg7+ Nxg7 28. Ng4 Nf5 29. Qf4 Rh8 30. c3 Qd8 31. Ne3 Rh4 32. Rg4 Rh1+ 33. Kc2
Nxe3+ 34. fxe3 Qe7 35. e4 dxe4 36. fxe4 f5 37. e5 Qe6 38. Rg2 Qd5 39. Re2 Rh5
40. e6+ Ke7 41. Qc7+ Kf6 42. e7 Rh8 43. e8=Q Rxe8 44. Rxe8 Qg2+ 45. Kd3 Qf1+
46. Kd2 Qg2+ 47. Re2 Qg5+ 48. Kc2 1-0

[Event "4NCL Online Div 2 Playoff"]
[Site "online"]
[Date "2020.12.15"]
[Round "9.14"]
[White "Roberts, Mike"]
[Black "Hasson, Peter"]
[Result "1-0"]
[WhiteElo "2042"]
[BlackElo "2072"]
[PlyCount "56"]
[EventDate "2020.12.15"]
[WhiteTeam "Catford Cosmonauts 1"]
[BlackTeam "CSC 1"]

1. d4 d5 2. Nf3 Nf6 3. Bf4 g6 4. e3 Bg7 5. Be2 O-O 6. O-O Nh5 7. Be5 f6 8. Bg3
Nxg3 9. hxg3 c6 10. c4 Bg4 11. cxd5 cxd5 12. Nc3 e6 13. Qb3 Qe7 14. Rac1 Nc6
15. Nd2 Bxe2 16. Nxe2 Rac8 17. a3 Rc7 18. Qd3 Rfc8 19. b4 Qd7 20. Rc3 Bf8 21.
Rfc1 Bd6 22. Nb3 b6 23. e4 Ne7 24. Rxc7 Rxc7 25. Rxc7 Qxc7 26. Nc3 dxe4 27.
Nxe4 Nd5 28. Nxd6 Qxd6 1-0

[Event "4NCL Online Division 3"]
[Site "online"]
[Date "2020.08.25"]
[Round "1.11"]
[White "Breed, Greg J"]
[Black "Waterfield, John W"]
[Result "0-1"]
[WhiteElo "1784"]
[BlackElo "2035"]
[PlyCount "130"]
[EventDate "2020.08.25"]
[WhiteTeam "Hatch End A"]
[BlackTeam "Abergavenny and Friends"]

1. d4 Nf6 2. Nf3 c5 3. c3 g6 4. Nbd2 Bg7 5. e4 cxd4 6. cxd4 O-O 7. Bd3 d6 8.
O-O Nc6 9. h3 e5 10. d5 Nb4 11. Bb1 a5 12. a3 Na6 13. Re1 Nc5 14. Nf1 a4 15. b4
axb3 16. Be3 b2 17. Ra2 Nfxe4 18. Bxe4 Nxe4 19. Rxb2 Nc3 20. Qb3 Na4 21. Rc2 b6
22. Rb1 Bf5 23. Ng3 Bxc2 24. Qxc2 Nc5 25. Bxc5 dxc5 26. Qb3 Rb8 27. Ne4 Re8 28.
Rd1 Re7 29. g4 Rd7 30. Kg2 Rc8 31. d6 c4 32. Qb5 c3 33. Qd5 c2 34. Rc1 Rc5 35.
Nxc5 Rxd6 36. Qe4 bxc5 37. Rxc2 Qc7 38. a4 Qc6 39. Qxc6 Rxc6 40. g5 f5 41. gxf6
Bxf6 42. Nd2 Be7 43. Nc4 Ra6 44. a5 Bf6 45. Kf3 Kf7 46. Ke4 Ke6 47. Rb2 Bd8 48.
Rb5 Be7 49. Rb6+ Rxb6 50. Nxb6 Bd8 51. Nc4 Bc7 52. a6 Bb8 53. Nb6 Kd6 54. Nc8+
Kc6 55. a7 Bxa7 56. Nxa7+ Kb6 57. Nc8+ Kb5 58. Nd6+ Kb4 59. Kd3 g5 60. Nc4 e4+
61. Kxe4 Kxc4 62. Kf5 Kd5 63. Kxg5 c4 64. f4 c3 65. f5 c2 0-1

[Event "4NCL Online Division 3"]
[Site "online"]
[Date "2020.08.25"]
[Round "1.13"]
[White "Hayali, Laith"]
[Black "Wakeham, Marc"]
[Result "1-0"]
[WhiteElo "1765"]
[BlackElo "1900"]
[PlyCount "75"]
[EventDate "2020.08.25"]
[WhiteTeam "Hatch End A"]
[BlackTeam "Abergavenny and Friends"]

1. e4 c5 2. Nf3 d6 3. d4 cxd4 4. Nxd4 Nf6 5. Nc3 a6 6. Be3 e6 7. f3 b5 8. Qd2
Nbd7 9. g4 Nb6 10. g5 Nfd7 11. O-O-O Bb7 12. a3 Ne5 13. f4 Nec4 14. Qf2 Rc8 15.
f5 e5 16. Nb3 Nxe3 17. Qxe3 h6 18. f6 hxg5 19. Bh3 Nc4 20. fxg7 Bxg7 21. Qg3
Rc7 22. Bg4 Rh6 23. Rhg1 Kf8 24. Bf5 Rh4 25. h3 Rf4 26. Kb1 Bf6 27. Nd2 Nxd2+
28. Rxd2 Rc4 29. Ne2 Rh4 30. b3 Bxe4 31. Bxe4 Rcxe4 32. Rf1 Qe7 33. Rfd1 Qe6
34. Rxd6 Qf5 35. Qd3 Rxh3 36. Ng3 Qg4 37. Qxe4 Qxg3 38. Rxf6 1-0

[Event "4NCL Online Division 3"]
[Site "online"]
[Date "2020.08.25"]
[Round "1.14"]
[White "Morgans, Justin"]
[Black "Barry, Brendan"]
[Result "1-0"]
[WhiteElo "1618"]
[BlackElo "1315"]
[PlyCount "53"]
[EventDate "2020.08.25"]
[WhiteTeam "Abergavenny and Friends"]
[BlackTeam "Hatch End A"]

1. d4 Nc6 2. c4 d5 3. cxd5 Qxd5 4. Nf3 Bf5 5. Nc3 Qd7 6. a3 O-O-O 7. e3 a6 8.
Be2 Nf6 9. O-O h6 10. b4 e5 11. b5 Nb8 12. Nxe5 Qe6 13. Bc4 Nd5 14. Nxd5 Rxd5
15. bxa6 bxa6 16. Qb3 c6 17. Bxd5 Qxd5 18. Qxd5 cxd5 19. Nxf7 Rg8 20. Ne5 Bd6
21. Bd2 Kd8 22. Rfc1 Ke8 23. Nc6 Nd7 24. Bb4 Bc7 25. Ne7 Rf8 26. Rxc7 Rf7 27.
Rc8# 1-0

[Event "4NCL Online Division 3"]
[Site "online"]
[Date "2020.08.25"]
[Round "1.21"]
[White "Sloan, Cecil"]
[Black "Hill, Jonathan S"]
[Result "0-1"]
[WhiteElo "1720"]
[BlackElo "2012"]
[PlyCount "56"]
[EventDate "2020.08.25"]
[WhiteTeam "Watford 2"]
[BlackTeam "Urmston"]

1. e4 c5 2. Nf3 g6 3. d4 cxd4 4. Nxd4 Nc6 5. c4 Nf6 6. Nc3 d6 7. Be2 Nxd4 8.
Qxd4 Bg7 9. Be3 O-O 10. Qd2 Be6 11. f3 Qa5 12. O-O Rfc8 13. b3 Nd7 14. Rac1 a6
15. Nd5 Qxd2 16. Bxd2 Kf8 17. Be3 Bxd5 18. cxd5 Bb2 19. Rb1 Ba3 20. Bc1 Bb4 21.
Rd1 Rc2 22. a3 Bxa3 23. Bxa3 Rxe2 24. Rdc1 Ke8 25. Rc7 Kd8 26. Rbc1 Ra2 27. Bb4
a5 28. Be1 Nc5 0-1

[Event "4NCL Online Division 3"]
[Site "online"]
[Date "2020.08.25"]
[Round "1.22"]
[White "Whalley, Mark E"]
[Black "Littlefair, Paul"]
[Result "1-0"]
[WhiteElo "1727"]
[BlackElo "1690"]
[PlyCount "79"]
[EventDate "2020.08.25"]
[WhiteTeam "Urmston"]
[BlackTeam "Watford 2"]

1. d4 Nf6 2. Bf4 d5 3. e3 Nc6 4. Nd2 g6 5. Be2 Bg7 6. h4 h5 7. c3 b6 8. Ngf3
Bb7 9. Ng5 e6 10. Qc2 Qe7 11. Ndf3 O-O-O 12. O-O Nd7 13. Nd2 f6 14. Nh3 e5 15.
Bh2 g5 16. dxe5 Ndxe5 17. f4 Ng4 18. Bxg4+ hxg4 19. Nf2 gxh4 20. Qf5+ Kb8 21.
Qxg4 Rdg8 22. Qe2 f5 23. Nf3 Bf6 24. Nh3 Nd8 25. Rae1 Qg7 26. Nfg5 Nf7 27. Ne6
Qg6 28. Nd4 c5 29. Nf3 Rh7 30. Nfg5 Nxg5 31. fxg5+ Kc8 32. gxf6 d4 33. Nf4 Qxf6
34. Rf2 dxc3 35. bxc3 Qxc3 36. Qd2 Qf6 37. Qb2 Qc6 38. Qe5 Qd7 39. Ne6 h3 40.
Qb8# 1-0

[Event "4NCL Online Division 3"]
[Site "online"]
[Date "2020.08.25"]
[Round "1.23"]
[White "Shaw, David K"]
[Black "Randall, Grant"]
[Result "1/2-1/2"]
[WhiteElo "1660"]
[BlackElo "1592"]
[PlyCount "49"]
[EventDate "2020.08.25"]
[WhiteTeam "Watford 2"]
[BlackTeam "Urmston"]

1. d4 d5 2. Bf4 Nf6 3. e3 e6 4. c3 Nbd7 5. Nf3 Be7 6. Nbd2 c5 7. Bd3 b6 8. e4
dxe4 9. Nxe4 O-O 10. Nd6 Bxd6 11. Bxd6 Re8 12. Bg3 Bb7 13. Qe2 cxd4 14. cxd4
Rc8 15. O-O Nf8 16. Rfd1 Nd5 17. Ba6 Bxa6 18. Qxa6 Rc2 19. Qxa7 Rxb2 20. Rdc1
Qa8 21. Qxa8 Rxa8 22. a3 Nd7 23. Bd6 h6 24. Ne5 N7f6 25. Rab1 1/2-1/2

[Event "4NCL Online Division 3"]
[Site "online"]
[Date "2020.08.25"]
[Round "1.24"]
[White "Plunkett, Tim"]
[Black "Nokes, Oliver"]
[Result "1-0"]
[WhiteElo "1270"]
[BlackElo "1525"]
[PlyCount "87"]
[EventDate "2020.08.25"]
[WhiteTeam "Urmston"]
[BlackTeam "Watford 2"]

1. d4 d5 2. Nf3 Nf6 3. h3 e6 4. e3 b6 5. Bd3 Ba6 6. O-O Bd6 7. b3 Bxd3 8. Qxd3
O-O 9. c4 h6 10. Bb2 dxc4 11. Qxc4 Nbd7 12. Nbd2 c5 13. Ba3 Rc8 14. Rac1 cxd4
15. Qxc8 Bxa3 16. Qxd8 Rxd8 17. Rc7 d3 18. Rxa7 Bb4 19. Ra4 Bxd2 20. Nxd2 Nc5
21. Rd4 Rxd4 22. exd4 Nce4 23. Nxe4 Nxe4 24. Rd1 Nc3 25. Rxd3 Nxa2 26. f4 Nb4
27. Rc3 Nd5 28. Rc6 b5 29. Kf2 Nxf4 30. Rb6 b4 31. Kf3 Nd3 32. Ke3 Ne1 33. Ke2
Nxg2 34. Rxb4 Nf4+ 35. Kf3 Nxh3 36. Ra4 Ng5+ 37. Ke3 h5 38. b4 h4 39. b5 h3 40.
b6 h2 41. Ra1 Nh3 42. Kf3 Ng5+ 43. Kg2 Ne4 44. b7 1-0

[Event "4NCL Online Division 3"]
[Site "online"]
[Date "2020.08.25"]
[Round "1.31"]
[White "Turner, Jon"]
[Black "McIntyre, John W"]
[Result "0-1"]
[WhiteElo "1892"]
[BlackElo "1912"]
[PlyCount "50"]
[EventDate "2020.08.25"]
[WhiteTeam "Warley Mighty Quins"]
[BlackTeam "Phones Pals"]

1. e4 c6 2. d4 d5 3. exd5 cxd5 4. Nf3 Nf6 5. Bd3 Bg4 6. O-O e6 7. Bg5 Nc6 8. c3
Be7 9. Nbd2 h6 10. Bh4 Rc8 11. Re1 O-O 12. Qb3 Na5 13. Qa4 a6 14. Ne5 b5 15.
Qc2 Bh5 16. a3 Nc4 17. Ndxc4 bxc4 18. Be2 Bxe2 19. Rxe2 Ne4 20. Bxe7 Qxe7 21.
Qa4 Qb7 22. f3 Nd6 23. Nd7 Rfd8 24. Nc5 Qb5 25. Qxa6 Rxc5 0-1

[Event "4NCL Online Division 3"]
[Site "online"]
[Date "2020.08.25"]
[Round "1.32"]
[White "Barker, Luke"]
[Black "Emery, Ian"]
[Result "0-1"]
[WhiteElo "1848"]
[BlackElo "1847"]
[PlyCount "68"]
[EventDate "2020.08.25"]
[WhiteTeam "Phones Pals"]
[BlackTeam "Warley Mighty Quins"]

1. d4 Nf6 2. Nf3 e6 3. c4 Bb4+ 4. Bd2 Qe7 5. g3 Ne4 6. Bg2 O-O 7. O-O d5 8. Qc2
c5 9. Bxb4 cxb4 10. Rd1 Nd7 11. Nbd2 Ndf6 12. Ne5 Nxd2 13. Rxd2 Bd7 14. Nxd7
Qxd7 15. cxd5 exd5 16. Qb3 a5 17. Rc1 h6 18. Rdc2 Rfc8 19. Rc5 b6 20. R5c2 Ne4
21. Qd3 Qe6 22. f3 Nf6 23. e4 Rxc2 24. Qxc2 dxe4 25. fxe4 Qxa2 26. e5 Nd5 27.
Qc6 Rd8 28. e6 fxe6 29. Qxe6+ Kh8 30. Be4 Qxb2 31. Rd1 Nf6 32. Qxb6 Rf8 33. Qd6
Re8 34. Bg6 Ng4 0-1

[Event "4NCL Online Division 3"]
[Site "online"]
[Date "2020.08.25"]
[Round "1.33"]
[White "Maybury, Philip C"]
[Black "Benson, Alice"]
[Result "1-0"]
[WhiteElo "1772"]
[BlackElo "740"]
[PlyCount "85"]
[EventDate "2020.08.25"]
[WhiteTeam "Warley Mighty Quins"]
[BlackTeam "Phones Pals"]

1. Nf3 Nf6 2. g3 d5 3. Bg2 c6 4. O-O Bf5 5. d3 e6 6. Re1 Bd6 7. Nc3 O-O 8. e4
d4 9. Nxd4 Bc5 10. Nxf5 exf5 11. exf5 Qd7 12. Ne4 Qxf5 13. Nxc5 Qxc5 14. Be3
Qd6 15. Qf3 Nbd7 16. Bd2 Rfe8 17. a3 a5 18. Bf4 Qc5 19. c3 Qb6 20. b4 axb4 21.
axb4 Rxe1+ 22. Rxe1 Ra3 23. Bh3 Nf8 24. Be5 Qd8 25. Bxf6 Qxf6 26. Qxf6 gxf6 27.
Rc1 Ne6 28. f4 Ra8 29. Kf2 Kf8 30. Bf5 h6 31. Re1 Ke7 32. d4 Ra2+ 33. Re2 Ra3
34. Rc2 Kd6 35. Be4 Nc7 36. c4 Rb3 37. c5+ Ke6 38. Re2 Kd7 39. Bf5+ Ne6 40. Rd2
Rxb4 41. Ke3 Ke7 42. g4 Rb1 43. Bxb1 1-0

[Event "4NCL Online Division 3"]
[Site "online"]
[Date "2020.08.25"]
[Round "1.34"]
[White "Srivastava, Aditya"]
[Black "Jeffs, David"]
[Result "1/2-1/2"]
[WhiteElo "654"]
[BlackElo "1742"]
[PlyCount "31"]
[EventDate "2020.08.25"]
[WhiteTeam "Phones Pals"]
[BlackTeam "Warley Mighty Quins"]

1. e4 e5 2. Nf3 d6 3. Bc4 h6 4. d3 Nf6 5. h3 Be7 6. Be3 c6 7. Nbd2 Nbd7 8. c3
O-O 9. Bb3 d5 10. O-O Qc7 11. Rc1 dxe4 12. Nxe4 Nxe4 13. dxe4 Rd8 14. Qe2 Nf8
15. Rfd1 Be6 16. Bc2 1/2-1/2

[Event "4NCL Online Division 3"]
[Site "online"]
[Date "2020.08.25"]
[Round "1.41"]
[White "Retallick, Lloyd"]
[Black "Putar, Leon"]
[Result "1-0"]
[WhiteElo "2065"]
[BlackElo "1894"]
[PlyCount "57"]
[EventDate "2020.08.25"]
[WhiteTeam "Trelawny's Army"]
[BlackTeam "St Benildus B"]

1. c4 e5 2. Nc3 Nf6 3. Nf3 Nc6 4. a3 a5 5. e3 d5 6. cxd5 Nxd5 7. Qc2 Nxc3 8.
bxc3 Bg4 9. d4 Bxf3 10. gxf3 exd4 11. cxd4 Qd5 12. Qe4+ Qxe4 13. fxe4 Be7 14.
Bb2 O-O 15. Rc1 Bd8 16. Rg1 f6 17. Bd3 a4 18. Ke2 Ra5 19. Rg2 g6 20. f4 Ne7 21.
Bc3 Rh5 22. Bb4 c6 23. Bc2 b5 24. Bd3 Re8 25. d5 cxd5 26. Bxb5 Rf8 27. exd5
Rxd5 28. Bc4 Re8 29. Bxe7 1-0